|
|
|
|
| LEADER |
01055nam a2200241 a 4500 |
| 001 |
28913 |
| 003 |
BD-DhAAL |
| 005 |
20190627131034.0 |
| 008 |
150228r20102004bg 000 1 ben |
| 999 |
|
|
|c 33811
|d 33811
|
| 020 |
|
|
|a 9844151620
|
| 040 |
|
|
|a DB-DhAAL
|c DB-DhAAL
|
| 041 |
0 |
|
|a ben
|
| 082 |
0 |
0 |
|a 891.44371
|2 22
|
| 100 |
1 |
|
|a বন্দ্যোপাধ্যায়, বিভূতিভূষণ
|9 8827
|
| 245 |
1 |
0 |
|a আম আঁটির ভেঁপু /
|c বিভূতিভূষণ বন্দ্যোপাধ্যায়
|
| 260 |
|
|
|a ঢাকা :
|b অবসর,
|c ২০০৪ [পুনর্মদ্রণ ২০১০].
|
| 300 |
|
|
|a ১১২ পৃ. ;
|c ২২ সে.মি.
|
| 500 |
|
|
|a Novel.
|
| 541 |
|
|
|e 28913
|
| 651 |
|
0 |
|a Bangladesh
|x Fiction.
|9 6692
|
| 942 |
|
|
|2 ddc
|c BK
|
| 952 |
|
|
|0 0
|1 0
|2 ddc
|4 0
|6 891_443710000000000_BAN
|7 0
|9 52795
|a BRACUL
|b BRACUL
|c GEN
|d 2015-02-28
|e BRAC Institute of Language (BIL)
|l 11
|m 64
|o 891.44371 BAN
|p 3010028913
|r 2025-10-07
|s 2025-09-22
|t 1
|w 2015-02-28
|y BK
|x Transferred from BIL to BRACUL on 06/06/22
|